000 00617nam a22002297a 4500
003 UA-OsUOA
001 81965
007 ta
008 20120213b un ||||| |||| 00| 0 ukr d
100 _aЭренбург И.
090 _a821.161.1
_bЭ76
942 _cBK
040 _aUA-OsUOA
_brus
_cUA-OsUOA
_dUA-OsUOA
245 _aСтихотворения
300 _a477 с.
955 _a3
041 _arus
080 _a821.161.1
260 _aЛенинград
_bСоветский писатель
_c1977
650 7 _a82 Література. Літературознавство
_2UDC
999 _c368275
_d368275